Automorphisms and Derivations of Associative Rings /

সংরক্ষণ করুন:
গ্রন্থ-পঞ্জীর বিবরন
প্রধান লেখক: Kharchenko, V. K.
বিন্যাস: Sách giấy
ভাষা:English
প্রকাশিত: Dordrecht : Kluwer Academic , 1991
ট্যাগগুলো: ট্যাগ যুক্ত করুন
কোনো ট্যাগ নেই, প্রথমজন হিসাবে ট্যাগ করুন!
Thư viện lưu trữ: Thư viện Trường Đại học Đà Lạt
LEADER 00592nam a2200241 4500
001 DLU020011243
005 ##12/28/1999
041 # # |a eng 
082 # # |a 512.24  |b KH-V 
090 # # |a 512.24  |b KH-V 
100 # # |a Kharchenko, V. K. 
245 # # |a Automorphisms and Derivations of Associative Rings /  |c Kharchenko V. K. 
260 # # |a Dordrecht :  |b Kluwer Academic ,  |c 1991 
300 # # |a X, 385 tr.;   |c 25 cm. 
992 # # |a 20000 
994 # # |a DLU 
900 # # |a False 
911 # # |a Administrator 
925 # # |a G 
926 # # |a A 
927 # # |a SH 
980 # # |a Thư viện Trường Đại học Đà Lạt